000 01357nam a2200265 a 4500
001 BS0003191
003 BR-BrBNA
005 20230418192238.0
008 230308b |||||||| |||| 00| 0 por d
040 _aBR-BrBNA
_bpor
_cBiblioteca Nacional de Agricultura
041 _apor
072 _aB59
090 _aB59 BS0003191
100 1 _aBezerra de Menezes et all. (Espíritos)
245 1 _aO espírito da verdade /
250 1 _a16. ed.
260 3 _aRio de Janeio, RJ:
_bFederação Espírta Brasileira,
_c2006.
300 _a240 p.
500 _aPsicografado por francisco Cândido Xavier e Waldo Vieira..
520 3 _aApresenta 104 mensagens, contendo comentários das lições de O Evangelho segundo o Espiritismo, de onde os benfeitores espirituais extraem admiráveis temas para elaborar textos da mais alta significação como amor, caridade, mediunidade e otimismo. São recados diretos ao coração dos que anseiam pela vigência do Reino de Deus no mundo, retratando a singela beleza das lições de Jesus e da obra de Allan Kardec. Enfatiza o momento aflitivo por que passa a Terra, alertando aos homens para a inadiável necessidade da construção da paz e da renovação íntima através do trabalho do bem.
650 _aESPIRITISMO
650 _aLITERATURA ESPÍRITA
909 _a202304
_bSergio Santos
_c56
_dSergio Santos
942 _cBK
999 _c8254
_d8254